| 000 | 01095nam a22003257a 4500 | ||
|---|---|---|---|
| 003 | CHAP | ||
| 005 | 20220329142618.0 | ||
| 008 | 020424d1991 mx r 00110 spa d | ||
| 010 | _a85641 | ||
| 011 | _a86613 | ||
| 020 | _a9688057223 | ||
| 035 | _a97152 | ||
| 040 | _cCHAP | ||
| 090 | _aFolleto 16404 | ||
| 100 | 0 | 0 |
_aAlvarez de Lara, Rosa Ma. _94900 |
| 245 | 1 | 0 |
_aLegislación estatal en materia de defensa de los derechos humanos _c/por Rosa María Alvarez de Lara |
| 260 |
_aMéxico, D.F. : _bComisíon Nacional de Derechos Humanos, _c1991. |
||
| 300 | _a45 p. | ||
| 590 |
_aBATCH-UPD _b10 _c20130110 _lUCH01 _h0751 |
||
| 590 |
_aBATCH-UPD _b10 _c20130410 _lUCH01 _h0431 |
||
| 590 |
_aBATCH-UPD _b10 _c20130914 _lUCH01 _h0256 |
||
| 590 |
_aCONVERSION _b10 _c20130109 _lUCH01 _h1348 |
||
| 650 | 1 | 4 |
_aDerechos humanos _xMéxico. _931923 |
| 650 | 1 | 4 |
_aLegislación social. _965666 |
| 901 | _aBK | ||
| 905 | _aMayto Villalobos S. | ||
| 942 | _cFOLL | ||
| 949 |
_aFolleto 16404 _bBC _cFOLL _d33724002003231 _eTS2 _fc.2 _i97152 _sb |
||
| 949 |
_aFolleto 16404 _bBC _cFOLL _d33724002016496 _eTS1 _i97152 _sb |
||
| 999 |
_c85641 _d85641 |
||